El insólito paisaje mexicano (Record no. 8823)

MARC details
000 -CABECERA
campo de control de longitud fija 01159nam a2200301 a 4500
001 - NÚMERO DE CONTROL
campo de control BRL_10
005 - FECHA Y HORA DE LA ÚLTIMA TRANSACCIÓN
campo de control 20190320210541.0
008 - DATOS DE LONGITUD FIJA--INFORMACIÓN GENERAL
campo de control de longitud fija 890818s1987 mx-a######---#000-0#spa-#
020 ## - NÚMERO INTERNACIONAL ESTÁNDAR DEL LIBRO
Número Internacional Estándar del Libro 9686237003
041 ## - CÓDIGO DE LENGUA
Código de lengua del texto/banda sonora o título independiente spa
044 ## - CÓDIGO DEL PAÍS DE LA ENTIDAD EDITORA/PRODUCTORA
Código MARC del país mx
050 #4 - SIGNATURA TOPOGRÁFICA DE LA BIBLIOTECA DEL CONGRESO
Número de clasificación F1216.5
Número de documento/Ítem .F73 1987
100 1# - ENTRADA PRINCIPAL--NOMBRE DE PERSONA
Nombre de persona Franco Torrijos, Enrique
9 (RLIN) 625
245 10 - MENCIÓN DE TÍTULO
Título El insólito paisaje mexicano
Mención de responsabilidad, etc. Enrique Franco Torrijos, fotógrafo ; presentación, Ernesto Marcos ; preámbulo, Enrique Franco Torrijos ; prólogo, Andrés Henestrosa ; semblanza de la obra, Demetrio Sodi Morales ; prosa y poesía, Manuel José Othón.
260 ## - PUBLICACIÓN, DISTRIBUCIÓN, ETC.
Lugar de publicación, distribución, etc. México
Nombre del editor, distribuidor, etc. Nacional Financiera
Fecha de publicación, distribución, etc. c1987
300 ## - DESCRIPCIÓN FÍSICA
Extensión 162 p.
Otras características físicas il. (algunas a color)
Dimensiones 31 cm.
500 ## - NOTA GENERAL
Nota general Incluye índice de lugares
500 ## - NOTA GENERAL
Nota general Incluye dedicatoria del autor para Ruth Lechuga
500 ## - NOTA GENERAL
Nota general Au41
650 14 - PUNTO DE ACCESO ADICIONAL DE MATERIA--TÉRMINO DE MATERIA
Término de materia o nombre geográfico como elemento de entrada Paisajes
Subdivisión general Obras pictóricas
Subdivisión geográfica México
9 (RLIN) 22642
651 #4 - PUNTO DE ACCESO ADICIONAL DE MATERIA--NOMBRE GEOGRÁFICO
Nombre geográfico México
Subdivisión general Obras pictóricas
9 (RLIN) 22643
700 1# - PUNTO DE ACCESO ADICIONAL--NOMBRE DE PERSONA
Nombre de persona Othón, Manuel José
Fechas asociadas al nombre 1858-1906
Título de la obra Selecciones
Fecha de publicación/de la obra 1987
9 (RLIN) 22644
700 1# - PUNTO DE ACCESO ADICIONAL--NOMBRE DE PERSONA
Nombre de persona Sodi Morales, Demetrio
9 (RLIN) 22645
700 1# - PUNTO DE ACCESO ADICIONAL--NOMBRE DE PERSONA
Nombre de persona Henestrosa, Andrés
9 (RLIN) 1789
700 1# - PUNTO DE ACCESO ADICIONAL--NOMBRE DE PERSONA
Nombre de persona Marcos, Ernesto
9 (RLIN) 22646
902 ## - CATALOGADOR
Iniciales GRL
942 ## - ELEMENTOS DE PUNTO DE ACCESO ADICIONAL (KOHA)
Fuente del sistema de clasificación o colocación Library of Congress Classification
Tipo de ítem Koha Libros
Holdings
Estado de retiro Estado de pérdida Estado dañado No para préstamo Localización permanente Ubicación/localización actual Fecha de adquisición Número de inventario Total de préstamos Signatura topográfica completa Código de barras Fecha visto por última vez Precio válido a partir de Tipo de ítem Koha
El ejemplar forma parte de la colección y puede ser consultado según las políticas vigentes.       Biblioteca Centro de Estudios Ruth D. Lechuga Biblioteca Centro de Estudios Ruth D. Lechuga 25/09/2012 Au41   F1216.5 .F73 1987 (Au41) GRL00011 22/03/2019 22/03/2019 Libros